| 000 | 00739nam a2200217 i 4500 | ||
|---|---|---|---|
| 001 | 17728 | ||
| 003 | ES-MaACL | ||
| 005 | 20230906151644.0 | ||
| 007 | t| | ||
| 008 | 010510s1945 sp ||||1| spa d | ||
| 080 | _a339.9(460:73) | ||
| 080 | _a339.9(73:460) | ||
| 100 | 1 |
_aRuiz Morales, José Miguel. _9100880 |
|
| 245 | 1 | 0 |
_aRelaciones económicas entre España y los Estados Unidos / _cJosé Miguel Ruiz Morales. |
| 260 |
_aMadrid : _bCultura Hispánica, _c1945. |
||
| 300 |
_a92 p. ; _c25 cm. |
||
| 651 | 4 |
_aEspaña- _xRelaciones económicas- _zEstados Unidos. _98483 |
|
| 651 | 4 |
_aEstados Unidos- _xRelaciones económicas- _zEspaña. _98570 |
|
| 852 |
_aES-MaACL _jAND-15 _z- Biblioteca Juan Andrade |
||
| 852 |
_aES-MaACL _j1599-F-20 |
||
| 999 |
_c17728 _d17728 |
||